La forma del derecho / (Registro nro. 172787)
[ vista simple ]
| 000 -LEADER | |
|---|---|
| fixed length control field | 01002nam a22003131i 4500 |
| 001 - CONTROL NUMBER | |
| control field | bslw10056399 |
| 006 - FIXED-LENGTH DATA ELEMENTS--ADDITIONAL MATERIAL CHARACTERISTICS--GENERAL INFORMATION | |
| fixed length control field | m o d |
| 007 - PHYSICAL DESCRIPTION FIXED FIELD--GENERAL INFORMATION | |
| fixed length control field | cr un ---uuuua |
| 008 - FIXED-LENGTH DATA ELEMENTS--GENERAL INFORMATION | |
| fixed length control field | 230603s2016 sp ob 001 0 spa d |
| 020 ## - INTERNATIONAL STANDARD BOOK NUMBER | |
| International Standard Book Number | 9788413811505 |
| 035 ## - | |
| -- | 38438 |
| 040 ## - CATALOGING SOURCE | |
| Original cataloging agency | UtOrBLW |
| Language of cataloging | eng |
| Description conventions | rda |
| Transcribing agency | UtOrBLW |
| 050 #4 - | |
| -- | K294 |
| -- | .A87 2016 |
| 082 04 - | |
| -- | 340.1 |
| -- | 23 |
| 100 1# - MAIN ENTRY--PERSONAL NAME | |
| Personal name | Atria Lemaître, Fernando, |
| Relator term | author. |
| 245 13 - TITLE STATEMENT | |
| Title | La forma del derecho / |
| Statement of responsibility, etc | Fernando Atria. |
| 264 #1 - | |
| -- | Madrid : |
| -- | Marcial Pons, |
| -- | 2016. |
| 300 ## - PHYSICAL DESCRIPTION | |
| Extent | 1 online resource (500 pages) |
| 336 ## - | |
| -- | text |
| -- | txt |
| -- | rdacontent |
| 337 ## - | |
| -- | computer |
| -- | c |
| -- | rdamedia |
| 338 ## - | |
| -- | online resource |
| -- | cr |
| -- | rdacarrier |
| 490 1# - SERIES STATEMENT | |
| Series statement | Colección Filosofía y derecho |
| 504 ## - BIBLIOGRAPHY, ETC. NOTE | |
| Bibliography, etc | Includes bibliographical references and index. |
| 650 #0 - SUBJECT ADDED ENTRY--TOPICAL TERM | |
| Topical term or geographic name as entry element | Law |
| General subdivision | Interpretation and construction. |
| 830 #0 - | |
| -- | Colección Filosofía y derecho (Madrid, Spain) |
| 856 40 - LOCALIZACIÓN Y ACCESO ELECTRÓNICO | |
| Identificador Uniforme del Recurso (URI/URL) | https://app.vlex.com/#/sources/38438 |
| 942 ## - | |
| -- | RAA |
| 999 ## - | |
| -- | 172787 |
| -- | 172787 |
No hay ítems disponibles.